000 00218 a2200097 4500
001 31551
100 _aRosch, winn L
245 _aThe Winn Rosch Hardware Bible
260 _aNew Delhi
_b
_c1989
090 _c21407
_d21407
942 _aNUST-CAE
_cM
_c12678
999 _c266624
_d266624